02072nam a2200433 i 4500001001000000003000900010005001700019007000300036008004100039020003100080040003000111049000900141082002500150100004600175245009400221264003500315264001000350300002900360336002700389337003300416338002800449500004300477500006400520504003000584590002700614650005400641650004500695650005200740651006200792700004500854710005200899910001400951942001400965952014200979952017601121952017601297952014801473999001701621000024410DO-SdBNP20260527074041.0ta110127s1975 dr 000 0 spa d a8489525013 (reimpresión) aDO-SdBNPbspacBNPHUerda aBNPD a320.97293bL358p2221 aLatorre, Eduardo,d1941-200397187eautor10aPolítica dominicana contemporánea /cEduardo Latorre ; prólogo Miguel A. Heredia B. 1aSanto Domingo :bINTEC,c1975. 3c1979. ax, 407 páginasc21 cm. 2rdacontentatextobtxt 2rdamediaasin mediaciónbn 2rdacarrieravolumenbnc aIncluye notas al pie de las páginas. aLos ejemplares 2 y 3 son reimpresiones de febrero del 1979. aBibliografía p: 361-407 aInventariado, 2024/ YL 0aPartidos políticoszRepública Dominicana9285 4aEleccioneszRepública Dominicana92992 4aAutoritarismozRepúública Dominicana950039 4aRepública DominicanaxPolítica Y Gobiernoy1961-92041 aHeredia B., Miguel A.,eprólogo950040 aInstituto Tecnológico de Santo Domingo978911 aYLockward 2ddccLBS1 00102ddc51708PDaBNPHUbBNPHUcHDd2011-01-27iLF1l0oBNPHU PD 320.97293 L358pp24410-10r2020-06-25w2020-06-25yLBS1ZNo se presta 00102ddc51708PDaBNPHUbBNPHUcHDd2011-02-17iLF1l0oBNPHU PD 320.97293 L358pp24410-20r2020-06-25te. 2w2020-06-25yLBS1zReimpresión febrero 1979ZNo se presta 00102ddc56708DSaBNPHUbBNPHUcHDd2011-02-17eDonación iLF1l0oBNPHU DS 320.97293 L358pp2024-3425r2024-06-12te. 3w2020-06-25yLBS1zReimpresión febrero 1979 00102ddc56708DSaBNPHUbBNPHUcHDd2023-03-01eDonación iLF1l0oBNPHU DS 320.97293 L358pp2024-3426r2024-06-12te. 4w2020-06-25yLBS1 c23903d23903